Statistics for Words Ending In “-uce”

Click here to take the quiz!

General Stats

  • This quiz has been taken 22 times
  • The average score is 10 of 39

Answer Stats

Answer% Correct
Deuce
75%
Truce
65%
Duce
60%
Puce
60%
Deduce
55%
Induce
55%
Luce
55%
Sauce
50%
Reduce
45%
Produce
40%
Seduce
40%
Spruce
35%
Conduce
30%
Introduce
30%
Lettuce
30%
Adduce
25%
Douce
25%
Reproduce
20%
Educe
15%
Reinduce
15%
Reintroduce
15%
Traduce
15%
Transduce
15%
Abduce
10%
Almuce
10%
Applesauce
10%
Coproduce
10%
Cotransduce
10%
Outproduce
10%
Outreproduce
10%
Overproduce
10%
Oversauce
10%
Photoreduce
10%
Prepuce
10%
Subduce
10%
Superinduce
10%
Circumduce
5%
Souce
5%
Subintroduce
5%

Score Distribution

Percentile by Number Answered

Percent of People with Each Score

Your Score History

You have not taken this quiz